[Event "Copenhagen Ch"]
[Site "Copenhagen"]
[Date "2005.10.02"]
[Round "1"]
[White "Madsen, Poul Henrik"]
[Black "Ringsborg, Allan"]
[Result "1-0"]
[WhiteElo "2017"]
[BlackElo "1665"]
[PlyCount "57"]
[EventDate "2005.10.02"]
[EventType "swiss"]
[EventRounds "9"]
[EventCountry "DEN"]

1. d4 f5 2. g3 Nf6 3. Bg2 c6 4. c4 g6 5. Nc3 Bg7 6. Bg5 Na6 7. h4 d6 8. h5 Nxh5
9. Rxh5 gxh5 10. e3 Be6 11. Qxh5+ Bf7 12. Qe2 Bf6 13. Bxf6 exf6 14. O-O-O Qa5
15. d5 c5 16. Bh3 Qd8 17. Bxf5 Nc7 18. Nh3 Bg6 19. Qc2 Bxf5 20. Qxf5 Qd7 21.
Qxf6 Rf8 22. Qh4 Qe7 23. Qe4 Qxe4 24. Nxe4 Kd7 25. Rh1 Rae8 26. Nhg5 Rxe4 27.
Nxe4 Rf7 28. Rxh7 Rxh7 29. Nf6+ 1-0

[Event "Copenhagen Ch"]
[Site "Copenhagen"]
[Date "2005.10.03"]
[Round "3"]
[White "Madsen, Poul Henrik"]
[Black "Larsen, Peter Lautrup"]
[Result "1-0"]
[WhiteElo "2017"]
[BlackElo "2006"]
[PlyCount "79"]
[EventDate "2005.10.02"]
[EventType "swiss"]
[EventRounds "9"]
[EventCountry "DEN"]

1. Nf3 d6 2. e4 Nf6 3. Nc3 g6 4. Bc4 Bg7 5. d3 O-O 6. Bg5 Nc6 7. a3 Bg4 8. h3
Bd7 9. Qd2 a5 10. Bh6 e5 11. Nd5 Nxd5 12. Bxd5 Ne7 13. Bg5 Bc6 14. Ba2 Qd7 15.
h4 d5 16. h5 dxe4 17. dxe4 Qxd2+ 18. Nxd2 Nc8 19. O-O-O h6 20. Be3 g5 21. f3 b6
22. Nf1 Ne7 23. Bd2 Kh7 24. g4 f5 25. gxf5 g4 26. Ng3 gxf3 27. Rhf1 Bf6 28.
Rxf3 Rad8 29. Rd3 Bh4 30. Be1 Bg5+ 31. Kb1 Ng8 32. Bc3 Rxd3 33. Rxd3 Bf4 34.
Ne2 Bb5 35. Nxf4 exf4 36. Rf3 Rd8 37. Be6 Rd1+ 38. Ka2 Rf1 39. Rxf1 Bxf1 40. f6
1-0

[Event "Copenhagen Ch"]
[Site "Copenhagen"]
[Date "2005.10.06"]
[Round "6"]
[White "Ohayv, Nikolaj"]
[Black "Akdag, Dara Sevkan"]
[Result "1/2-1/2"]
[WhiteElo "1764"]
[BlackElo "1537"]
[PlyCount "114"]
[EventDate "2005.10.02"]
[EventType "swiss"]
[EventRounds "9"]
[EventCountry "DEN"]

1. d4 Nf6 2. c4 e6 3. Nc3 c5 4. d5 exd5 5. cxd5 d6 6. e4 g6 7. Bb5+ Bd7 8.
Bxd7+ Nbxd7 9. f4 Bg7 10. Nf3 O-O 11. O-O a6 12. e5 dxe5 13. fxe5 Ng4 14. e6
Nde5 15. Nxe5 Nxe5 16. exf7+ Rxf7 17. Rxf7 Nxf7 18. Bf4 b5 19. Rc1 Bd4+ 20. Kh1
Ra7 21. b3 Rd7 22. Qf3 b4 23. Ne4 Rxd5 24. Rd1 Kg7 25. g4 Be5 26. Bxe5+ Nxe5
27. Rxd5 Qxd5 28. Qf6+ Kg8 29. Qf3 Nxf3 30. Nf6+ Kf7 31. Nxd5 Ne5 32. Nc7 a5
33. h3 Nd3 34. Nb5 Nc1 35. Nd6+ Ke7 36. Nb7 Nxa2 37. Nxa5 Nc1 38. Kg2 c4 39.
Nxc4 Nxb3 40. Kf2 Nc1 41. Nb2 Na2 42. Ke3 Ke6 43. Kd4 Nc3 44. h4 h6 45. Nd3 Nd5
46. Nc5+ Kd6 47. Nb3 Nf6 48. g5 hxg5 49. hxg5 Nh7 50. Kc4 Nxg5 51. Kxb4 Nf3 52.
Nc5 Kd5 53. Nd3 g5 54. Kc3 Ne5 55. Nf2 Ng6 56. Kd3 Ke5 57. Ke3 Nf4 1/2-1/2

[Event "Copenhagen Ch"]
[Site "Copenhagen"]
[Date "2005.10.08"]
[Round "8"]
[White "Ohayv, Nikolaj"]
[Black "Hvenekilde, Jorgen"]
[Result "1/2-1/2"]
[WhiteElo "1764"]
[BlackElo "2172"]
[PlyCount "98"]
[EventDate "2005.10.02"]
[EventType "swiss"]
[EventRounds "9"]
[EventCountry "DEN"]

1. d4 Nf6 2. c4 g6 3. Nc3 Bg7 4. e4 d6 5. Nf3 O-O 6. Be2 c6 7. O-O a6 8. h3 b5
9. a3 bxc4 10. Bxc4 a5 11. Re1 Nfd7 12. Be3 Nb6 13. Ba2 Ba6 14. e5 d5 15. b3
N8d7 16. Rc1 Rc8 17. Ne2 Re8 18. Qd2 a4 19. b4 Nc4 20. Bxc4 Bxc4 21. Bh6 Nf8
22. Bxg7 Kxg7 23. Nf4 e6 24. Nd3 Bxd3 25. Qxd3 Nd7 26. Rc3 Qb6 27. Rec1 Qb7 28.
Qc2 Nb6 29. Nd2 Qa6 30. Qd1 Nd7 31. Nf3 Rc7 32. Nh2 Nb6 33. Qf3 Nc4 34. Qf6+
Kf8 35. Nf3 Qa8 36. Qh8+ Ke7 37. Qxh7 Rh8 38. Qg7 Rh5 39. Qf6+ Ke8 40. Qf4 Qa7
41. Nd2 Rf5 42. Qh6 Qxd4 43. Nxc4 Qxf2+ 44. Kh1 dxc4 45. Qh8+ Ke7 46. Rxc4 Rh5
47. Qf6+ Qxf6 48. exf6+ Kxf6 49. Rxc6 Ra7 1/2-1/2

[Event "Copenhagen Ch"]
[Site "Copenhagen"]
[Date "2005.10.03"]
[Round "3"]
[White "Ohayv, Nikolaj"]
[Black "Ringsborg, Allan"]
[Result "1/2-1/2"]
[WhiteElo "1764"]
[BlackElo "1665"]
[PlyCount "55"]
[EventDate "2005.10.02"]
[EventType "swiss"]
[EventRounds "9"]
[EventCountry "DEN"]

1. d4 f5 2. c4 Nf6 3. Nc3 c6 4. Qc2 d6 5. Nf3 g6 6. e3 Na6 7. a3 Nc7 8. Bd3 e6
9. e4 h6 10. Bd2 Bg7 11. O-O-O Na6 12. exf5 gxf5 13. Rde1 Kd7 14. b4 Nb8 15. d5
cxd5 16. cxd5 e5 17. Bxf5+ Ke7 18. Nh4 Ke8 19. Bxc8 Qxc8 20. Qg6+ Kf8 21. Nf5
Qc7 22. Kb2 Ne8 23. Nxg7 Qxg7 24. Qxg7+ Kxg7 25. f4 Nd7 26. fxe5 Nxe5 27. Re3
Nc4+ 28. Kc2 1/2-1/2

[Event "Copenhagen Ch"]
[Site "Copenhagen"]
[Date "2005.10.02"]
[Round "1"]
[White "Ohayv, Nikolaj"]
[Black "Aabling Thomsen, Jakob"]
[Result "0-1"]
[WhiteElo "1764"]
[BlackElo "2140"]
[PlyCount "96"]
[EventDate "2005.10.02"]
[EventType "swiss"]
[EventRounds "9"]
[EventCountry "DEN"]

1. d4 f5 2. Nf3 Nf6 3. Nc3 d6 4. e3 g6 5. Bc4 Bg7 6. Qe2 c6 7. d5 b5 8. Bd3 b4
9. Nb1 cxd5 10. Nd4 O-O 11. c3 e5 12. Nb3 a5 13. cxb4 axb4 14. O-O Na6 15. Rd1
Bb7 16. Bxa6 Rxa6 17. a3 Qb6 18. axb4 Rxa1 19. Nxa1 Qxb4 20. Nc2 Qb3 21. Nba3
Rc8 22. Qd3 Qa4 23. b3 Qh4 24. f3 e4 25. Qe2 Nd7 26. f4 Nc5 27. g3 Qd8 28. Nd4
Ba6 29. Qd2 Bd3 30. b4 Bxd4 31. exd4 Ne6 32. Qb2 Qb6 33. Be3 Kf7 34. Qb3 Rb8
35. b5 Nc7 36. Rc1 Ke6 37. Kg2 Nxb5 38. Nxb5 Bxb5 39. Qc3 Bc4 40. Qa3 Be2 41.
Kh3 Qb5 42. Kg2 Bf3+ 43. Kg1 Qe2 44. Bf2 Rb2 45. Rf1 e3 46. Qxe3+ Qxe3 47. Bxe3
Rg2+ 48. Kh1 Rxg3+ 0-1

[Event "Copenhagen Ch"]
[Site "Copenhagen"]
[Date "2005.10.07"]
[Round "7"]
[White "Pallesen, Jacob"]
[Black "Petersen, Nils"]
[Result "1/2-1/2"]
[WhiteElo "1981"]
[BlackElo "1774"]
[PlyCount "112"]
[EventDate "2005.10.02"]
[EventType "swiss"]
[EventRounds "9"]
[EventCountry "DEN"]

1. e4 c5 2. Nf3 e6 3. d4 cxd4 4. Nxd4 Nc6 5. Nc3 Qc7 6. Be3 a6 7. Bd3 Nge7 8.
Nb3 d5 9. O-O Nb4 10. Re1 Nxd3 11. Qxd3 dxe4 12. Qxe4 Ng6 13. Nd5 Qc6 14. Bb6
Bd6 15. Nd4 Qd7 16. Ba5 Rb8 17. Nf5 O-O 18. Nxd6 Qxd6 19. Bc7 Qxd5 20. Bxb8 Bd7
21. Qxd5 exd5 22. Bg3 Rc8 23. c3 Be6 24. Bd6 Nf8 25. Bxf8 Kxf8 26. Rad1 g6 27.
Rd4 Kg7 28. Rb4 Rc7 29. f4 h5 30. Kf2 d4 31. Rxd4 Bxa2 32. Ke3 Bc4 33. Kd2 a5
34. Ra1 b5 35. Rxa5 Re7 36. Rxc4 bxc4 37. Re5 Rd7+ 38. Kc2 f6 39. Re4 Rc7 40.
b3 cxb3+ 41. Kxb3 Rb7+ 42. Kc2 Ra7 43. Re2 Ra4 44. g3 h4 45. Kd3 h3 46. c4 Kf7
47. c5 Ra1 48. c6 Rc1 49. Rc2 Rxc2 50. Kxc2 Ke6 51. Kd3 Kd6 52. g4 Kxc6 53. Ke4
Kd6 54. g5 Ke6 55. gxf6 Kxf6 56. Kf3 g5 1/2-1/2

[Event "Copenhagen Ch"]
[Site "Copenhagen"]
[Date "2005.10.03"]
[Round "3"]
[White "Pallesen, Jacob"]
[Black "Tandrup, Michael"]
[Result "1/2-1/2"]
[WhiteElo "1981"]
[BlackElo "1779"]
[PlyCount "68"]
[EventDate "2005.10.02"]
[EventType "swiss"]
[EventRounds "9"]
[EventCountry "DEN"]

1. e4 d5 2. Nc3 dxe4 3. Nxe4 Nf6 4. Nxf6+ exf6 5. Nf3 Bd6 6. d4 O-O 7. Be2 Nd7
8. O-O c6 9. c3 Nb6 10. Re1 Nd5 11. Nd2 Bf5 12. Nf1 Qc7 13. Bd3 Bxd3 14. Qxd3
Rfe8 15. Bd2 Bf4 16. g3 Bxd2 17. Qxd2 Qd7 18. Rxe8+ Rxe8 19. Re1 Re6 20. Ne3 g6
21. c4 Nxe3 22. fxe3 Re4 23. b3 h5 24. Rf1 h4 25. Rf4 Rxf4 26. exf4 Qf5 27. d5
cxd5 28. cxd5 Qb1+ 29. Kg2 Qe4+ 30. Kf2 hxg3+ 31. Kxg3 Kf8 32. d6 Ke8 33. d7+
Kd8 34. Qd6 Qe3+ 1/2-1/2

[Event "Copenhagen Ch"]
[Site "Copenhagen"]
[Date "2005.10.09"]
[Round "9"]
[White "Pallesen, Jacob"]
[Black "Schmidt, Horst Hubert"]
[Result "0-1"]
[WhiteElo "1981"]
[BlackElo "1812"]
[PlyCount "66"]
[EventDate "2005.10.02"]
[EventType "swiss"]
[EventRounds "9"]
[EventCountry "DEN"]

1. e4 e6 2. d4 d5 3. Nc3 dxe4 4. f3 Nf6 5. fxe4 Bb4 6. Bg5 h6 7. Bxf6 Qxf6 8.
Nf3 O-O 9. Bd3 c5 10. e5 Qf4 11. Qd2 Qxd2+ 12. Kxd2 cxd4 13. Nxd4 Rd8 14. Ndb5
Nc6 15. Rae1 a6 16. Na3 b5 17. Nab1 Rd5 18. a3 Bxc3+ 19. Nxc3 Rxe5 20. Be4 Rc5
21. Ke3 Bb7 22. Rd1 Re5 23. Kf2 f5 24. Bf3 Na5 25. Rd7 Bc6 26. Bxc6 Nxc6 27.
Rhd1 b4 28. Rc7 bxc3 29. Rdd7 Ra7 30. Rxg7+ Kf8 31. Rxa7 Nxa7 32. Rxa7 cxb2 33.
Rb7 Rb5 0-1

[Event "Copenhagen Ch"]
[Site "Copenhagen"]
[Date "2005.10.05"]
[Round "5"]
[White "Pallesen, Jacob"]
[Black "Ohayv, Nikolaj"]
[Result "1/2-1/2"]
[WhiteElo "1981"]
[BlackElo "1764"]
[PlyCount "38"]
[EventDate "2005.10.02"]
[EventType "swiss"]
[EventRounds "9"]
[EventCountry "DEN"]

1. e4 e5 2. Nf3 d6 3. d4 exd4 4. Nxd4 Be7 5. Nc3 Nf6 6. Be2 O-O 7. Be3 Bd7 8.
Qd2 Nc6 9. O-O-O a6 10. f3 Nxd4 11. Bxd4 b5 12. g4 c5 13. Be3 b4 14. Nd5 Nxd5
15. exd5 Bb5 16. f4 Qa5 17. Kb1 Bf6 18. Bf1 Rfe8 19. Bf2 Bc3 1/2-1/2

[Event "Copenhagen Ch"]
[Site "Copenhagen"]
[Date "2005.10.08"]
[Round "8"]
[White "Petersen, Nils"]
[Black "Tandrup, Michael"]
[Result "1/2-1/2"]
[WhiteElo "1774"]
[BlackElo "1779"]
[PlyCount "42"]
[EventDate "2005.10.02"]
[EventType "swiss"]
[EventRounds "9"]
[EventCountry "DEN"]

1. c4 Nf6 2. Nc3 c6 3. e4 e5 4. Nf3 Qc7 5. d4 d6 6. Be2 Be7 7. O-O Nbd7 8. b3
O-O 9. Bb2 Re8 10. dxe5 dxe5 11. Qc2 Nf8 12. Nd1 N6d7 13. Ne3 Ne6 14. Rfd1 f6
15. g3 a5 16. a4 Ndc5 17. Nf5 Bf8 18. Bc3 Na6 19. Bf1 Nec5 20. Ne3 Be6 21. h4
Rad8 1/2-1/2

[Event "Copenhagen Ch"]
[Site "Copenhagen"]
[Date "2005.10.06"]
[Round "6"]
[White "Petersen, Nils"]
[Black "Madsen, Poul Henrik"]
[Result "0-1"]
[WhiteElo "1774"]
[BlackElo "2017"]
[PlyCount "102"]
[EventDate "2005.10.02"]
[EventType "swiss"]
[EventRounds "9"]
[EventCountry "DEN"]

1. c4 e5 2. Nc3 Nc6 3. g3 b6 4. Bg2 Bb7 5. e3 Na5 6. Bxb7 Nxb7 7. Qf3 Nc5 8. d4
Nd3+ 9. Kf1 Nf6 10. Nge2 Bb4 11. a3 Bxc3 12. Nxc3 Nxc1 13. Rxc1 exd4 14. exd4
O-O 15. Kg2 d6 16. Rhe1 Qd7 17. Ne4 Nxe4 18. Rxe4 Rae8 19. Rce1 Rxe4 20. Qxe4
Qa4 21. d5 Qb3 22. Re2 b5 23. Qc2 bxc4 24. Qxb3 cxb3 25. Re3 Rb8 26. Re7 Rc8
27. Re3 Kf8 28. Rxb3 Ke7 29. Rb7 Kd7 30. Rxa7 Rb8 31. b4 Rb5 32. Ra5 Rxa5 33.
bxa5 Kc8 34. a6 Kb8 35. Kf3 Ka7 36. Ke4 Kxa6 37. a4 Ka5 38. Kf5 Kxa4 39. h4 Kb5
40. g4 c5 41. dxc6 Kxc6 42. h5 d5 43. f4 Kd6 44. g5 g6+ 45. Kf6 gxh5 46. Kxf7
h4 47. f5 h3 48. g6 hxg6 49. fxg6 h2 50. g7 h1=Q 51. g8=Q Qh5+ 0-1

[Event "Copenhagen Ch"]
[Site "Copenhagen"]
[Date "2005.10.02"]
[Round "1"]
[White "Petersen, Nils"]
[Black "Akdag, Dara Sevkan"]
[Result "1/2-1/2"]
[WhiteElo "1774"]
[BlackElo "1537"]
[PlyCount "52"]
[EventDate "2005.10.02"]
[EventType "swiss"]
[EventRounds "9"]
[EventCountry "DEN"]

1. c4 Nf6 2. Nc3 b6 3. e4 e5 4. Nf3 Nc6 5. d4 exd4 6. Nxd4 Bb7 7. Be3 Bb4 8. f3
O-O 9. Be2 Qe7 10. O-O Nxd4 11. Bxd4 Bc5 12. Kh1 Bxd4 13. Qxd4 c6 14. e5 Ne8
15. Rad1 Rd8 16. f4 f6 17. Bf3 fxe5 18. fxe5 Nc7 19. Qd6 Qxd6 20. exd6 Ne6 21.
b3 Rf6 22. Ne4 Rff8 23. Rfe1 c5 24. Nd2 Bxf3 25. Nxf3 Rf6 26. Kg1 a6 1/2-1/2

[Event "Copenhagen Ch"]
[Site "Copenhagen"]
[Date "2005.10.02"]
[Round "2"]
[White "Ringsborg, Allan"]
[Black "Pallesen, Jacob"]
[Result "0-1"]
[WhiteElo "1665"]
[BlackElo "1981"]
[PlyCount "68"]
[EventDate "2005.10.02"]
[EventType "swiss"]
[EventRounds "9"]
[EventCountry "DEN"]

1. b3 e5 2. c4 Nc6 3. g3 f5 4. Nc3 Nf6 5. d3 g6 6. a3 Bg7 7. Bg2 d6 8. h4 Be6
9. e3 Qd7 10. Bb2 O-O-O 11. Nge2 d5 12. O-O h6 13. Rc1 g5 14. cxd5 Nxd5 15. b4
gxh4 16. gxh4 Bf6 17. Na4 Rhg8 18. Nc5 Qg7 19. Ng3 Bf7 20. Qa4 Bxh4 21. Nxb7
Bxg3 22. fxg3 Qxg3 23. Rf2 Kxb7 24. Qxc6+ Kb8 25. Qb5+ Kc8 26. Rxc7+ Kxc7 27.
Rc2+ Kd6 28. Qc6+ Ke7 29. Qc5+ Kf6 30. e4 Qe3+ 31. Qxe3 Nxe3 32. Rc6+ Be6 33.
Kf2 Rxg2+ 34. Kxe3 f4+ 0-1

[Event "Copenhagen Ch"]
[Site "Copenhagen"]
[Date "2005.10.08"]
[Round "8"]
[White "Ringsborg, Allan"]
[Black "Schmidt, Horst Hubert"]
[Result "0-1"]
[WhiteElo "1665"]
[BlackElo "1812"]
[PlyCount "38"]
[EventDate "2005.10.02"]
[EventType "swiss"]
[EventRounds "9"]
[EventCountry "DEN"]

1. c4 e5 2. Nc3 Nc6 3. g3 g6 4. Bg2 Bg7 5. d3 d6 6. Rb1 Rb8 7. b4 Nf6 8. Qa4
O-O 9. b5 Ne7 10. Qxa7 Be6 11. Bxb7 d5 12. c5 d4 13. Ne4 Bd5 14. c6 Nxe4 15.
dxe4 Bxe4 16. Rb3 Bxh1 17. f3 e4 18. Kf2 d3 19. Qe3 Bd4 0-1

[Event "Copenhagen Ch"]
[Site "Copenhagen"]
[Date "2005.10.07"]
[Round "7"]
[White "Ringsborg, Allan"]
[Black "Akdag, Dara Sevkan"]
[Result "0-1"]
[WhiteElo "1665"]
[BlackElo "1537"]
[PlyCount "28"]
[EventDate "2005.10.02"]
[EventType "swiss"]
[EventRounds "9"]
[EventCountry "DEN"]

1. c4 e5 2. Nc3 f5 3. d3 Nc6 4. g3 Nf6 5. Bg2 g6 6. Bg5 Bg7 7. Nd5 d6 8. Qa4
O-O 9. Nxf6+ Bxf6 10. Bxf6 Rxf6 11. Bxc6 bxc6 12. Qxc6 Bd7 13. Qd5+ Kg7 14. Nf3
c6 0-1

[Event "Copenhagen Ch"]
[Site "Copenhagen"]
[Date "2005.10.05"]
[Round "5"]
[White "Ringsborg, Allan"]
[Black "Petersen, Nils"]
[Result "0-1"]
[WhiteElo "1665"]
[BlackElo "1774"]
[PlyCount "54"]
[EventDate "2005.10.02"]
[EventType "swiss"]
[EventRounds "9"]
[EventCountry "DEN"]

1. b3 e5 2. Bb2 Nc6 3. g3 Nf6 4. Bg2 d5 5. d3 Bd6 6. a3 O-O 7. e4 dxe4 8. dxe4
Qe7 9. Nc3 Bg4 10. Nd5 Bxd1 11. Nxe7+ Bxe7 12. Rxd1 Rad8 13. Rxd8 Rxd8 14. b4
Nd4 15. Bxd4 Rxd4 16. f3 c5 17. Ne2 Rd7 18. b5 c4 19. Bh3 Rd8 20. a4 Bc5 21.
Bf1 c3 22. Nc1 Rd2 23. Nd3 Bd4 24. Be2 Rxc2 25. Rf1 Ra2 26. Bd1 c2 27. Be2 Be3
0-1

[Event "Copenhagen Ch"]
[Site "Copenhagen"]
[Date "2005.10.03"]
[Round "3"]
[White "Schmidt, Horst Hubert"]
[Black "Aabling Thomsen, Jakob"]
[Result "1/2-1/2"]
[WhiteElo "1812"]
[BlackElo "2140"]
[PlyCount "56"]
[EventDate "2005.10.02"]
[EventType "swiss"]
[EventRounds "9"]
[EventCountry "DEN"]

1. e4 c5 2. Nc3 e6 3. g3 d5 4. exd5 exd5 5. d4 cxd4 6. Qxd4 Nf6 7. Bg5 Be7 8.
O-O-O Nc6 9. Qa4 Be6 10. Bg2 Qb6 11. Nge2 O-O 12. Be3 Bc5 13. Nd4 Rfd8 14. Rhe1
Bg4 15. f3 Re8 16. fxg4 Nxd4 17. Bxd4 Rxe1 18. Rxe1 Bxd4 19. Bxd5 Be3+ 20. Kb1
Bd2 21. Bxf7+ Kxf7 22. Nd5 Nxd5 23. Qd7+ Kf8 24. Rf1+ Nf6 25. Qxd2 Rd8 26. Qf4
Qd4 27. Qxd4 Rxd4 28. g5 Rd2 1/2-1/2

[Event "Copenhagen Ch"]
[Site "Copenhagen"]
[Date "2005.10.05"]
[Round "5"]
[White "Schmidt, Horst Hubert"]
[Black "Larsen, Peter Lautrup"]
[Result "1/2-1/2"]
[WhiteElo "1812"]
[BlackElo "2006"]
[PlyCount "76"]
[EventDate "2005.10.02"]
[EventType "swiss"]
[EventRounds "9"]
[EventCountry "DEN"]

1. d4 f5 2. e4 fxe4 3. Nc3 Nf6 4. Bg5 d5 5. Bxf6 exf6 6. Qh5+ g6 7. Qxd5 Bf5 8.
Bc4 Qxd5 9. Nxd5 Bd6 10. Nxf6+ Kd8 11. Bd5 Nd7 12. Nxd7 Kxd7 13. O-O-O c6 14.
Bb3 Rhf8 15. f3 exf3 16. Nxf3 Bg4 17. Rd3 Bxf3 18. gxf3 Rae8 19. d5 Kc7 20.
dxc6 bxc6 21. Rhd1 Rd8 22. a3 Bf4+ 23. Kb1 Rxd3 24. Rxd3 Re8 25. a4 Re3 26.
Rxe3 Bxe3 27. Bg8 h6 28. c3 g5 29. Kc2 h5 30. Kd3 Bc1 31. b3 h4 32. Kc4 Be3 33.
b4 Bf2 34. Kd3 Be1 35. b5 cxb5 36. axb5 Kb6 37. c4 Kc5 38. Ke4 Bd2 1/2-1/2

[Event "Copenhagen Ch"]
[Site "Copenhagen"]
[Date "2005.10.02"]
[Round "2"]
[White "Schmidt, Horst Hubert"]
[Black "Petersen, Nils"]
[Result "1-0"]
[WhiteElo "1812"]
[BlackElo "1774"]
[PlyCount "41"]
[EventDate "2005.10.02"]
[EventType "swiss"]
[EventRounds "9"]
[EventCountry "DEN"]

1. e4 c5 2. Nf3 e6 3. Nc3 a6 4. a4 Nc6 5. d4 cxd4 6. Nxd4 Nge7 7. Be3 Nxd4 8.
Bxd4 Nc6 9. Be2 Nxd4 10. Qxd4 d6 11. O-O Qf6 12. Qb6 Qe5 13. f4 Qc5+ 14. Qxc5
dxc5 15. e5 b6 16. Bf3 Ra7 17. Rad1 Bd7 18. Rd2 Be7 19. Rfd1 Bc8 20. Bc6+ Kf8
21. Rd8+ 1-0

[Event "Copenhagen Ch"]
[Site "Copenhagen"]
[Date "2005.10.07"]
[Round "7"]
[White "Schmidt, Horst Hubert"]
[Black "Ohayv, Nikolaj"]
[Result "0-1"]
[WhiteElo "1812"]
[BlackElo "1764"]
[PlyCount "136"]
[EventDate "2005.10.02"]
[EventType "swiss"]
[EventRounds "9"]
[EventCountry "DEN"]

1. e4 e5 2. d4 exd4 3. Qxd4 Nc6 4. Qe3 d6 5. Nc3 Nf6 6. Be2 Be7 7. Qg3 Nd4 8.
Bd3 c6 9. Nge2 Ne6 10. Bd2 Bd7 11. f4 Nxe4 12. Qe3 Nxd2 13. Qxd2 Qb6 14. O-O-O
O-O-O 15. g3 Nc5 16. Bc4 Be6 17. Bb3 Bxb3 18. axb3 Rhe8 19. Rhe1 Bf6 20. Nd4
Ne6 21. Nf5 d5 22. Na4 Qc7 23. Qb4 g6 24. Ne3 a5 25. Qb6 Qxb6 26. Nxb6+ Kb8 27.
c4 d4 28. f5 Nc5 29. fxg6 Bg5 30. gxf7 Rxe3 31. Kb1 Rf8 32. h4 Bh6 33. Rf1 d3
34. Rf5 Ka7 35. Rxc5 Kxb6 36. Rh5 Bg7 37. Rf5 Rxg3 38. Rd2 Bh6 39. Rd1 d2 40.
Kc2 Rg7 41. Rf6 Rg6 42. Rf5 Re6 43. Rff1 Re7 44. Rf6 Bg7 45. Rf5 Rexf7 46. Rxf7
Rxf7 47. Rxd2 Rf4 48. h5 h6 49. Rg2 Bf6 50. Rg6 Bg5 51. Re6 Rh4 52. Rg6 Rxh5
53. b4 axb4 54. Kb3 Be7 55. Rg7 Bc5 56. Rh7 Rh3+ 57. Ka4 Rh2 58. Kb3 h5 59. Rh6
h4 60. Rh5 Rh1 61. Ka4 h3 62. Kb3 h2 63. Rh3 Bd6 64. Rh5 Bf4 65. Kxb4 Rf1 66.
c5+ Ka7 67. b3 h1=Q 68. Rxh1 Rxh1 0-1

[Event "Copenhagen Ch"]
[Site "Copenhagen"]
[Date "2005.10.09"]
[Round "9"]
[White "Tandrup, Michael"]
[Black "Akdag, Dara Sevkan"]
[Result "1-0"]
[WhiteElo "1779"]
[BlackElo "1537"]
[PlyCount "45"]
[EventDate "2005.10.02"]
[EventType "swiss"]
[EventRounds "9"]
[EventCountry "DEN"]

1. d4 Nf6 2. e3 e6 3. f4 c5 4. c3 Ne4 5. Nf3 b6 6. Bd3 Bb7 7. O-O Be7 8. Nbd2
f5 9. Qc2 Nxd2 10. Bxd2 O-O 11. e4 fxe4 12. Bxe4 Bxe4 13. Qxe4 Na6 14. d5 exd5
15. Qxd5+ Kh8 16. Ne5 Qe8 17. Rf3 Nc7 18. Qd3 d6 19. Rh3 h6 20. Ng6+ Kg8 21.
Re1 Rf7 22. Rhe3 c4 23. Qe2 1-0

[Event "Copenhagen Ch"]
[Site "Copenhagen"]
[Date "2005.10.02"]
[Round "2"]
[White "Tandrup, Michael"]
[Black "Ohayv, Nikolaj"]
[Result "1-0"]
[WhiteElo "1779"]
[BlackElo "1764"]
[PlyCount "129"]
[EventDate "2005.10.02"]
[EventType "swiss"]
[EventRounds "9"]
[EventCountry "DEN"]

1. d4 d5 2. Bf4 c5 3. c3 Nc6 4. e3 Nf6 5. Nf3 Bg4 6. Be2 e6 7. Nbd2 cxd4 8.
exd4 Be7 9. h3 Bh5 10. Qb3 Qd7 11. Ne5 Nxe5 12. dxe5 Bxe2 13. exf6 Bc4 14. Nxc4
dxc4 15. Qxc4 Bxf6 16. Rd1 Rc8 17. Qb4 Qc6 18. O-O Be7 19. Bd6 a5 20. Qa3 Bxd6
21. Rxd6 Qc5 22. Qxc5 Rxc5 23. Rb6 O-O 24. Rd1 Rc7 25. Rb5 a4 26. Ra5 Rc4 27.
Rd4 Rxd4 28. cxd4 g6 29. Rxa4 Rc8 30. g3 Kg7 31. Rb4 Rc7 32. Kg2 Kf6 33. Kf3 h5
34. Rb6 Ke7 35. Ke4 Rd7 36. g4 hxg4 37. hxg4 f5+ 38. gxf5 gxf5+ 39. Ke3 Kf6 40.
f4 Ke7 41. Kd3 Rc7 42. b4 Kf7 43. a4 Re7 44. a5 Ke8 45. Rd6 Kf7 46. b5 Rc7 47.
b6 Re7 48. Rd8 Kf6 49. Rc8 Rd7 50. Kc4 Ke7 51. Rc5 Ke8 52. Re5 Re7 53. d5 Kd7
54. Rxe6 Rh7 55. Kd4 Rh1 56. Ke5 Ra1 57. Rh6 Rxa5 58. Rh7+ Ke8 59. Rxb7 Rb5 60.
Ke6 Kf8 61. d6 Rb1 62. Kxf5 Rd1 63. Ke6 Re1+ 64. Kf6 Ke8 65. Re7+ 1-0

[Event "Copenhagen Ch"]
[Site "Copenhagen"]
[Date "2005.10.06"]
[Round "6"]
[White "Tandrup, Michael"]
[Black "Ringsborg, Allan"]
[Result "1-0"]
[WhiteElo "1779"]
[BlackElo "1665"]
[PlyCount "81"]
[EventDate "2005.10.02"]
[EventType "swiss"]
[EventRounds "9"]
[EventCountry "DEN"]

1. e4 e5 2. Nf3 Nf6 3. Nc3 Nc6 4. Bc4 h6 5. d3 Bc5 6. Be3 Bxe3 7. fxe3 d6 8.
O-O Bg4 9. Qe1 Na5 10. Bb3 Nxb3 11. axb3 c6 12. h3 Be6 13. Qg3 Nh5 14. Qf2 Qd7
15. Ra5 Qd8 16. Rfa1 a6 17. d4 exd4 18. exd4 Nf6 19. d5 Bd7 20. e5 dxe5 21.
Nxe5 cxd5 22. Nxd5 Be6 23. Nxf6+ Qxf6 24. Qb6 O-O 25. Qxb7 Rfd8 26. Rf1 Qh4 27.
Nc6 Rab8 28. Nxb8 Rd2 29. Qf3 g5 30. Qf6 Rxg2+ 31. Kxg2 Bxh3+ 32. Kf3 Bxf1 33.
Rf5 Qh5+ 34. Ke3 Qe2+ 35. Kd4 Qd2+ 36. Kc5 Qxc2+ 37. Kb4 Qd2+ 38. Ka3 Bc4 39.
bxc4 Qe3+ 40. b3 Qc1+ 41. Ka4 1-0

[Event "Copenhagen Ch"]
[Site "Copenhagen"]
[Date "2005.10.05"]
[Round "5"]
[White "Tandrup, Michael"]
[Black "Brondum, Eric"]
[Result "0-1"]
[WhiteElo "1779"]
[BlackElo "2137"]
[PlyCount "98"]
[EventDate "2005.10.02"]
[EventType "swiss"]
[EventRounds "9"]
[EventCountry "DEN"]

1. d4 Nf6 2. e3 d6 3. f4 g6 4. Nf3 Bg7 5. Be2 O-O 6. O-O Nbd7 7. c3 c5 8. Nbd2
cxd4 9. exd4 b6 10. Qc2 Bb7 11. f5 Rc8 12. fxg6 hxg6 13. Bc4 Nd5 14. Bb3 Ne3
15. Qxg6 d5 16. Qh5 Nxf1 17. Nxf1 Nf6 18. Qh4 Ba6 19. Bc2 Bxf1 20. Kxf1 Qd7 21.
Ng5 Rfe8 22. Bh7+ Nxh7 23. Qxh7+ Kf8 24. Qh5 Qf5+ 25. Kg1 Qg6 26. Qh4 e5 27. b3
exd4 28. Ba3+ Kg8 29. Rf1 dxc3 30. Nxf7 Re4 31. Qh3 Rce8 32. Nd6 Re1 33. Rxe1
Rxe1+ 34. Kf2 Qe6 35. Qd3 c2 36. Qd2 c1=Q 37. Bxc1 Rxc1 38. Qxc1 Qxd6 39. Qc8+
Qf8+ 40. Qxf8+ Bxf8 41. Ke3 Kf7 42. Kd4 Ke6 43. g4 Bc5+ 44. Kd3 Kf6 45. Kc3 a5
46. a3 Bxa3 47. g5+ Kxg5 48. Kd4 Kh4 49. Kxd5 Kh3 0-1